|
|
|
|
| LEADER |
01636nam a22003377a 4500 |
| 001 |
42835 |
| 003 |
BD-DhAAL |
| 005 |
20250619144618.0 |
| 008 |
240711t2024 bg ||||| |||| 00| 0 ben d |
| 040 |
|
|
|a BD-DhAAL
|d BD-DhAAL
|
| 041 |
|
|
|a ben
|
| 082 |
|
|
|a 155.3
|2 21
|
| 100 |
|
|
|a মুমু, ওয়াকিলা তাবাসসুম.
|9 56625
|
| 245 |
|
|
|a জেন্ডারের মারপ্যাঁচ /
|c ওয়াকিলা তাবাসসুম মুমু.
|
| 246 |
|
|
|a Gender er marpech
|
| 250 |
|
|
|a প্রথম প্রকাশ.
|
| 264 |
|
|
|a ঢাকা :
|b উপকথা প্রকাশন,
|c ২০২৪.
|
| 300 |
|
|
|a ৬৪ পৃষ্ঠা ;
|c ২২ সে.মি
|
| 541 |
|
|
|a Donated by Author Owakila Tabassum Mumu
|e 42835
|
| 650 |
|
|
|a Sex differences (Psychology)
|
| 650 |
|
|
|a Gender identity.
|
| 650 |
|
|
|a Sex (Psychology).
|
| 650 |
|
|
|a Psychoanalysis.
|
| 650 |
|
|
|a Psychoanalysis and feminism.
|9 4635
|
| 650 |
|
|
|a Gender awareness.
|9 27236
|
| 650 |
|
|
|a Social Science.
|
| 852 |
|
|
|a Ayesha Abed Library
|
| 942 |
|
|
|2 ddc
|c BK
|
| 999 |
|
|
|c 46841
|d 46841
|
| 952 |
|
|
|0 0
|1 0
|2 ddc
|4 0
|6 155_300000000000000_MUM
|7 0
|9 75923
|a BRACUL
|b BRACUL
|c GEN
|d 2024-07-11
|e Donated By Author, Owakila Tabassum Mumu
|g 200.00
|l 0
|o 155.3 MUM
|p 3010042836
|r 2024-07-11
|t 2
|v 200.00
|w 2024-07-11
|y BK
|x Donated By Author, Owakila Tabassum Mumu
|
| 952 |
|
|
|0 0
|1 0
|2 ddc
|4 0
|6 155_300000000000000_MUM
|7 0
|9 75924
|a BRACUL
|b BRACUL
|c GEN
|d 2024-07-11
|e Donated By Author, Owakila Tabassum Mumu
|g 200.00
|l 1
|o 155.3 MUM
|p 3010042835
|r 2025-10-11
|s 2025-10-10
|t 1
|v 200.00
|w 2024-07-11
|y BK
|x Donated By Author, Owakila Tabassum Mumu
|